000 00513nam a22001817a 4500
999 _c190375
_d190375
005 20220722153545.0
010 _aENG-133888
020 _c450.00
035 _aEN-117420
037 _bDBAD/PUB
082 _a364.15230954558
100 _aGarg, A.S
245 _aCriminogenic Study of Murders/
_cA.S.Garg
260 _aGurgaon
_bSandeep Publication
_c2012
270 _a584, Sector-15,Part-1
_bGurgaon
_e122001
300 _a150p.
_c22cm(hb)
_bill.
942 _2ddc
_cEN
_h364.15230954558
_mGAR